|
|
|
|
| LEADER |
00727nab a2200217 i 4500 |
| 001 |
acta8503 |
| 005 |
20251010131950.0 |
| 008 |
161015s2011 hu o 000 hun d |
| 022 |
|
|
|a 1785-7821
|
| 040 |
|
|
|a SZTE Egyetemi Kiadványok Repozitórium
|b hun
|
| 041 |
|
|
|a hun
|
| 100 |
1 |
|
|a Simon Ferenc
|
| 245 |
1 |
0 |
|a Aforizmák Hegel "Wastebookjából"
|h [elektronikus dokumentum] /
|c Simon Ferenc
|
| 260 |
|
|
|c 2011
|
| 300 |
|
|
|a 59-72
|
| 490 |
0 |
|
|a Különbség
|v 11 No. 1
|
| 650 |
|
4 |
|a Bölcsészettudományok
|
| 650 |
|
4 |
|a Filozófia, etika és vallástudományok
|
| 695 |
|
|
|a Filozófia - német
|
| 700 |
0 |
1 |
|a Hegel Georg Wilhelm Friedrich
|
| 856 |
4 |
0 |
|u http://acta.bibl.u-szeged.hu/8503/1/kulonbseg_2011_001_059-072.pdf
|z Dokumentum-elérés
|